Ont-ils déjà joué avec... Margot Robbie ? - Statistiques

Statistiques générales
  • Ce quiz a été pris 20 fois
  • Le résultat moyen est 2 sur 10
Answers on the Grid
Answers color-coded by a green-red scale on the quiz's grid according to % correct below.
Emma Thompson
Ryan Reynolds
Idris Elba
Nicole Kidman
John Travolta
Peter Stormare
Orlando Bloom
Asia Argento
Nicolas Cage
Bill Nighy
Alan Rickman
Jack Black
Ewan McGregor
Saoirse Ronan
Mike Myers
Lambert Wilson
Chiwetel Ejiofor
Nick Frost
Alfred Molina
Will Smith
 
Statistiques - réponses
Réponse % Correct
Will Smith
79%
Idris Elba
37%
Nicole Kidman
32%
Ewan McGregor
16%
Saoirse Ronan
16%
Chiwetel Ejiofor
5%
Mike Myers
5%
Nick Frost
5%
Alfred Molina
0%
Lambert Wilson
0%
Aucun quiz correspondant
Distribution des résultats
% des personnes avec chaque résultat
Percentile par nombre de réponses
Votre historique - résultats
Vous n’avez pas pris ce quiz